000 01519ctm a22003011a 4500
003 SA-RiAUC
005 20251212140619.0
007 co ug ---uuauu         
008 251208s1974 su fsbm 00000dara c
040 _aSA-JeALM
_bara
_cSA-RiAUC
_erda
082 0 4 _a258.4
_qSA-RiAUC
090 _aر 258.4
_bم ر ش
100 1 _aالمرشد، عثمان بن إبراهيم بن مرشد ،
_d1364 هـ
245 1 2 _aالرأي عند الإمام أحمد بن حنبل
_cعثمان بن إبراهيم بن مرشد المرشد ؛ إشراف أحمد فهمي أبو سنة.
_h[ملف كمبيوتر] /
260 _c1974
264 _aمكة المكرمة .
_bجامعة الملك عبدالعزيز .
_c1974
300 _a337 ورقه ؛
_c30 سم .
500 _aاهداء من المؤلف عثمان المرشد الى الشيخ رحمه الله بتاريخ 20 / 5 / 1395 هـ
500 _aدراسة لنيل رسالة الماجستير
504 _aيشتمل على إرجاعات ببليوجرافية.
530 _aمتاحة نسخة على شكل مطبوع.
600 1 7 _aالإمام ابن حنبل، أحمد بن محمد بن حنبل،
_d164-241 هجري
_xآراء حول الاجتهاد
_vأقراص مدمجة
_2aucnm
650 7 _aالفقه الحنبلي
_2aucsh
650 7 _aالاجتهاد (أصول فقه)
_2aucsh
700 _aأبو سنة، أحمد فهمي
_eمشرف .
942 _2ddc
_cTHESES
_n0
949 _aSA-JeALM
_d251208
_uosman123
_n1
999 _c13493
_d13493